Culture Générale - Série 1574 - Statistiques

Statistiques générales
  • Ce quiz a été pris 93 fois
  • Le résultat moyen est 5 sur 10
Statistiques - réponses
Question Réponse % Correct
Comme l'étymologie l'indique, quels mammifères marins trouve-t-on dans un delphinarium ? dauphins
98%
Quel saint est fêté par les catholiques, le 31 décembre ? Saint Sylvestre
94%
Quelle ville russe abrite le musée de l'Ermitage ? Saint-Pétersbourg
86%
Selon les paroles de la chanson "Emmenez-moi", dans quel "pays" Charles Aznavour veut-il être emmené ? Au pays des merveilles
67%
En 1814, quel roi monte sur le trône de France ? Louis XVIII
64%
Dans quel département se situe la ville de Barcelonnette ? Alpes-de-Haute-Provence
39%
Dans la célèbre bande dessinée créée par Rob-Vel, quel nom porte l'écureuil, ami de Spirou ? Spip
31%
En 1214, quel roi a remporté la célèbre bataille de Bouvines ? Philippe Auguste
20%
En 1996, quel pays accueille triomphalement son roi Siméon II, exilé depuis cinquante ans ? Bulgarie
12%
Quel film de 1983, réalisé par Maurice Pialat, évoque l'adolescence difficile d'une jeune fille, incarnée par Sandrine Bonnaire ? À nos amours
8%
Aucun quiz correspondant
Distribution des résultats
% des personnes avec chaque résultat
Percentile par nombre de réponses
Votre historique - résultats
Vous n’avez pas pris ce quiz